| 000 -LEADER |
| fixed length control field |
00422nam a22000977a 4500 |
| 008 - FIXED-LENGTH DATA ELEMENTS--GENERAL INFORMATION |
| fixed length control field |
180702b ||||| |||| 00| 0 eng d |
| 100 ## - MAIN ENTRY--AUTHOR'S NAME |
| Author's Name |
Firby, Charles Auctions |
| 245 ## - TITLE STATEMENT |
| Title |
The Sanford Fleming 3 pence essay to be offered as lot #42 during te 1,600 lot auction... |
| 260 ## - PUBLICATION, DISTRIBUTION, ETC. (IMPRINT) |
| Name of publisher, distributor, etc. |
Charles G. Firby Auctions |
| Date of publication, distribution, etc. |
1996 |
| 650 ## - TOPICAL TERM (Tag) |
| Topical term or geographic name |
Essays and proofs--Canada--Auction catalogs | Postage-stamps--Canada--Auction catalogs | Fleming, Sanford |